|
|
|
|
| LEADER |
00000cam a2200000 7i4500 |
| 001 |
0000122000 |
| 005 |
20081107.0 |
| 020 |
|
|
|a 9812327525
|
| 090 |
0 |
0 |
|a 613.0423
|b LIM
|
| 100 |
1 |
|
|a Lim, Peter H.C.
|f Prof
|
| 245 |
1 |
0 |
|a From boyhood to manhood :
|b men's health issues
|c Prof Peter H.C. Lim and Dr P. Moorthy
|
| 260 |
|
|
|a Singapore :
|b Times Editions ,
|c 2004
|
| 300 |
|
|
|a 110p. ;
|c 21cm.
|
| 650 |
0 |
0 |
|a Climacteric, Male
|
| 650 |
0 |
0 |
|a Infertility, Male
|
| 650 |
0 |
0 |
|a Masculinity
|
| 650 |
0 |
0 |
|a Men
|x Health and hygiene
|
| 650 |
0 |
0 |
|a Men
|x Sexual behavior
|
| 700 |
1 |
|
|a Moorthy, P
|
| 999 |
|
|
|a 00215078
|b BUKU
|c PINJAMAN
|e PERPUSTAKAAN KOMUNITI PETALING JAYA
|